Técnicas modernas en topografía

Shranjeno v:
Bibliografske podrobnosti
Glavni avtor: Bannister, Arthur
Drugi avtorji: Raymond, Stanley
Format: Knjiga
Jezik:Spanish
Izdano: México : Representaciones y Servicios de Ingeniería 1987
Teme:
Oznake: Označite
Brez oznak, prvi označite!

MARC

LEADER 00000nam a2200000Ia 4500
003 004980
005 20221231143939.0
008 140114s1987 mx a 000 ||spa d
040 |c cru CEDI  
082 |a 526.9 B219t 
100 |a Bannister, Arthur  |9 18972 
245 |a Técnicas modernas en topografía 
260 |a México : Representaciones y Servicios de Ingeniería  |c 1987 
300 |a 514 páginas : ilustraciones ; 23 cm 
500 |a Titulo original : Surveying. 
650 |x TOPOGRAFIA  |9 18975 
700 |9 18974  |a Raymond, Stanley 
942 |2 ddc  |c BK 
999 |c 14628  |d 14628